00517nam a22001577a 450000500170000001000150001702000260003203500130005803700130007108200080008410000180009224501440011026000410025427000410029530000230033620100825152410.0 aENG-101375 a9788184245820c750.00 aEN-84908 bDBAD/PUB a967 aDaleep Singh  aFrom dutch south Africa to republic of south Africa 1652-1994 :bthe story of three and a half centuries of imperialism /cby Daleep Singh  aNew Delhi bAllied Publishers c2010 aA-104 Mayapuri Phase II bNew Delhi  axiv,386pc24cm(Hb)